| 000 | 00379nam a2200145Ia 4500 | ||
|---|---|---|---|
| 008 | 180921t2015 xxu||||| |||| 00| 0 eng d | ||
| 041 | _aeng | ||
| 080 |
_a159.9 _bASE |
||
| 245 | _aA Selected List Of Institutions Providing Social Protection Services | ||
| 260 |
_b _aColombo _c2015 |
||
| 300 | _b22P, 21cm | ||
| 942 | _cBK | ||
| 999 |
_c598 _d598 |
||
| 003 | LK-CoDNM | ||
| 040 |
_aLK-CoDNM _dLK-CoDNM _eLK-CoDNM |
||